Data Science and Machine Learning with Python (Record no. 1532231)

MARC details
000 -LEADER
fixed length control field 00330 a2200121 4500
000 - LEADER
fixed length control field nam a22 7a 4500
005 - DATE AND TIME OF LATEST TRANSACTION
control field 20260120153129.0
020 ## - INTERNATIONAL STANDARD BOOK NUMBER
International Standard Book Number 9788197069505
100 ## - MAIN ENTRY--PERSONAL NAME
Personal name Josan, Gurpreet Singh; Kaur, Jagroop
9 (RLIN) 940428
245 ## - TITLE STATEMENT
Title Data Science and Machine Learning with Python
260 ## - PUBLICATION, DISTRIBUTION, ETC.
Name of publisher, distributor, etc. TechSar
Date of publication, distribution, etc. 2024
942 ## - ADDED ENTRY ELEMENTS (KOHA)
Koha item type Textual
Holdings
Withdrawn status Lost status Source of classification or shelving scheme Damaged status Not for loan Home library Current library Date acquired Source of acquisition Cost, normal purchase price Total Checkouts Date last seen Cost, replacement price Price effective from Koha item type
    Colon Classification (CC)     Central Science Library Central Science Library 2026-04-09 94 436.00   2026-04-09 545.00 2026-04-09 Textual
    Colon Classification (CC)     Central Science Library Central Science Library 2026-01-20 Monika Book Distributor 545.00   2026-01-20 545.00 2026-01-20 Textual
    Colon Classification (CC)     Central Science Library Central Science Library 2026-01-20 Monika Book Distributor 545.00   2026-01-20 545.00 2026-01-20 Textual
    Colon Classification (CC)     Central Science Library Central Science Library 2026-01-20 Monika Book Distributor 545.00   2026-01-20 545.00 2026-01-20 Textual
    Colon Classification (CC)     Central Science Library Central Science Library 2026-01-20 Monika Book Distributor 545.00   2026-01-20 545.00 2026-01-20 Textual
Copyright @ Delhi University Library System